| 000 | 00922cab a22002175a 4500 | ||
|---|---|---|---|
| 001 | L159392 | ||
| 008 | 170130e2017 xxk 000 0 eng d | ||
| 020 | _a9781138844179 | ||
| 035 | _a(Sirsi) u159392 | ||
| 041 | 0 | _aeng | |
| 100 | 1 | _aGreenhalgh, Brian | |
| 245 | 0 | 0 | _aIntroduction to construction contract management |
| 260 |
_aAbingdon _bRoutledge _c2017 |
||
| 300 |
_axvii, 235p. _c25cm |
||
| 520 | _aProvides an introduction to construction contract admnistration and management covering the delivery and execution stage of a construction project. Looks at initiating the construction stage, management of the project and completion issues. Concludes with claims and disputes, ethics and fair dealing. Flow chart illustrates the processes for easy understanding. | ||
| 590 | _aKA | ||
| 650 | 2 | 4 | _aCONTRACT ADMINISTRATION |
| 651 | 4 |
_aUnited Kingdom _y |
|
| 690 |
_aConstruction management _96230 |
||
| 942 | _n0 | ||
| 999 |
_c115860 _d115860 |
||